[Event "Niedersachsen-ch B"]
[Site "Verden"]
[Date "2010.01.03"]
[Round "2.3"]
[White "Pollmann, Sascha"]
[Black "Herrmann, Andreas"]
[Result "0-1"]
[WhiteElo "2025"]
[BlackElo "2171"]
[PlyCount "110"]
[EventDate "2010.01.??"]
[EventType "swiss"]
[EventRounds "7"]
[EventCountry "GER"]
[SourceDate "2005.10.24"]

1. Nf3 Nf6 2. g3 e6 3. Bg2 c5 4. O-O Nc6 5. b3 Be7 6. Bb2 O-O 7. c4 a6 8. d3 d6
9. Nbd2 Qc7 10. Rc1 b6 11. a3 Bb7 12. Rc2 Nd7 13. Ne4 h6 14. Qa1 f5 15. Ned2 e5
16. e3 Rae8 17. Kh1 g5 18. Ng1 Nd8 19. f3 Ne6 20. Ne2 Nf6 21. d4 cxd4 22. exd4
e4 23. fxe4 Ng4 24. Rc3 Ng7 25. Rcf3 fxe4 26. Rxf8+ Bxf8 27. d5 e3 28. Ne4 Nh5
29. Nd4 Qh7 30. Qb1 Nf2+ 31. Nxf2 Qxb1 32. Rxb1 exf2 33. Ne6 Bg7 34. Bxg7 Nxg7
35. Rf1 Nxe6 36. dxe6 Bxg2+ 37. Kxg2 Rxe6 38. Rxf2 g4 39. Rd2 Kf7 40. h3 h5 41.
hxg4 hxg4 42. Rd3 {(=)} Re2+ 43. Kf1 Rb2 44. Re3 Kf6 45. Ke1 Kf5 46. Kf1 b5 47.
cxb5 axb5 48. a4 b4 49. Ke1 d5 50. a5 d4 51. Re8 Ra2 52. Rb8 Ke4 53. Rxb4 Rxa5
54. Rc4 Ke3 55. Rc1 Rh5 0-1

[Event "Niedersachsen-ch B"]
[Site "Verden"]
[Date "2010.01.03"]
[Round "2.4"]
[White "Kaphle, Stephan"]
[Black "Kickert, Germaine Helene"]
[Result "1-0"]
[WhiteElo "2175"]
[BlackElo "1972"]
[PlyCount "103"]
[EventDate "2010.01.??"]
[EventType "swiss"]
[EventRounds "7"]
[EventCountry "GER"]
[SourceDate "2005.10.24"]

1. e4 c5 2. Nf3 e6 3. d4 cxd4 4. Nxd4 Nf6 5. Nc3 Nc6 6. Ndb5 Bc5 7. Bf4 O-O 8.
Be2 a6 9. Bd6 Bxd6 10. Nxd6 Ne8 11. O-O Qe7 12. Nxe8 Rxe8 13. Qd2 Rd8 14. Rad1
d6 15. Qf4 b5 16. a3 Bb7 17. Rd3 Ne5 18. Rg3 Ng6 19. Qg4 Qh4 20. Qxh4 Nxh4 21.
Rd1 Rd7 22. Rgd3 Rad8 23. Rd4 Ng6 24. a4 bxa4 25. Nxa4 Nf4 26. Bf1 d5 27. Nc5
Rc7 28. Nxb7 Rxb7 29. b3 Rc7 30. exd5 Rxd5 31. c4 Rxd4 32. Rxd4 g5 33. g3 Ng6
34. Rd8+ Kg7 35. Bg2 a5 36. Ra8 Rc5 37. Kf1 Ne5 38. Ke2 h5 39. h3 h4 40. Ke3
Nxc4+ 41. bxc4 Rxc4 42. Rxa5 Kf6 43. g4 Rc3+ 44. Kd2 Rb3 45. Bf1 Rf3 46. Ke2
Rb3 47. Rc5 Kg6 48. Re5 Rb6 49. Kf3 f5 50. gxf5+ exf5 51. Bd3 Rf6 52. Rxf5 1-0

[Event "Niedersachsen-ch B"]
[Site "Verden"]
[Date "2010.01.03"]
[Round "2.5"]
[White "Holloway, Timo"]
[Black "Jacobi, Felix Hagen"]
[Result "1-0"]
[WhiteElo "2122"]
[BlackElo "1901"]
[PlyCount "41"]
[EventDate "2010.01.??"]
[EventType "swiss"]
[EventRounds "7"]
[EventCountry "GER"]
[SourceDate "2005.10.24"]

1. e4 e6 2. d4 d5 3. Nc3 Bb4 4. e5 c5 5. dxc5 Qc7 6. Nf3 Bxc3+ 7. bxc3 Qxc5 8.
Bd3 Ne7 9. O-O b6 10. Nd4 Ba6 11. Be3 Qxc3 12. Bb5+ Kf8 13. Qf3 Nf5 14. Nxf5
Bxb5 15. Nxg7 Qxe5 16. Bd4 Qd6 17. Nxe6+ Qxe6 18. Rfe1 Qc6 19. Bxh8 Nd7 20. Qg4
Qh6 21. Qb4+ 1-0

[Event "Niedersachsen-ch B"]
[Site "Verden"]
[Date "2010.01.03"]
[Round "2.6"]
[White "Vogel, Christopher"]
[Black "Wittfoth, Kai Uve"]
[Result "1-0"]
[WhiteElo "1994"]
[BlackElo "2156"]
[PlyCount "59"]
[EventDate "2010.01.??"]
[EventType "swiss"]
[EventRounds "7"]
[EventCountry "GER"]
[SourceDate "2005.10.24"]

1. d4 d5 2. c4 e6 3. Nc3 Be7 4. Nf3 Nf6 5. Bg5 Nbd7 6. e3 h6 7. Bh4 Ne4 8. Bxe7
Qxe7 9. Bd3 Nxc3 10. bxc3 O-O 11. O-O e5 12. Nxe5 Nxe5 13. dxe5 dxc4 14. Bxc4
Qxe5 15. Qd4 Qe7 16. Rfd1 Bf5 17. Qf4 Bh7 18. Rd4 Rad8 19. Rad1 Bg6 20. Qg4 Qf6
21. h4 h5 22. Qg3 Rxd4 23. Rxd4 c5 24. Rd6 Qxc3 25. Rxg6 Kh8 26. Rg5 Qxc4 27.
Rxg7 Re8 28. Rg5 Qe2 29. Qd6 Kh7 30. Qf6 1-0

[Event "Niedersachsen-ch B"]
[Site "Verden"]
[Date "2010.01.03"]
[Round "2.7"]
[White "Kiesel, Harald"]
[Black "Rieping, Heiner"]
[Result "1/2-1/2"]
[WhiteElo "2165"]
[BlackElo "1800"]
[PlyCount "31"]
[EventDate "2010.01.??"]
[EventType "swiss"]
[EventRounds "7"]
[EventCountry "GER"]
[SourceDate "2005.10.24"]

1. e4 d5 2. exd5 Qxd5 3. Nc3 Qa5 4. d4 Nf6 5. Bc4 Nc6 6. Nf3 Bg4 7. h3 Bh5 8.
g4 Bg6 9. Bd2 O-O-O 10. d5 Nb4 11. Bb3 Qc5 12. Be3 Qa5 13. Bd2 Qc5 14. Be3 Qa5
15. Bd2 Qc5 16. Be3 1/2-1/2

[Event "Niedersachsen-ch B"]
[Site "Verden"]
[Date "2010.01.03"]
[Round "2.8"]
[White "Kessler, Marcel"]
[Black "Struessmann, Frank"]
[Result "0-1"]
[WhiteElo "1924"]
[BlackElo "2276"]
[PlyCount "54"]
[EventDate "2010.01.??"]
[EventType "swiss"]
[EventRounds "7"]
[EventCountry "GER"]
[SourceDate "2005.10.24"]

1. d4 d5 2. Nf3 Nf6 3. e3 e6 4. Bd3 c5 5. c3 Nc6 6. Nbd2 Bd6 7. O-O O-O 8. Qe2
e5 9. dxc5 Bxc5 10. e4 Re8 11. h3 Bb6 12. Rd1 Qe7 13. exd5 Nxd5 14. Ne4 Nf4 15.
Bxf4 exf4 16. Re1 Bd7 17. Qd2 Ne5 18. Nxe5 Qxe5 19. Bc2 Bc6 20. Qd3 {(=)} g6
21. Nd2 Qxe1+ 22. Rxe1 Rxe1+ 23. Nf1 Rd8 24. Qc4 Rd2 25. Bb3 Bxf2+ 26. Kh1 Bd5
27. Qb5 a6 0-1

[Event "Niedersachsen-ch B"]
[Site "Verden"]
[Date "2010.01.03"]
[Round "2.9"]
[White "Hartogh, Tim"]
[Black "Kaiser, Gerhard"]
[Result "1/2-1/2"]
[WhiteElo "1862"]
[BlackElo "1965"]
[PlyCount "71"]
[EventDate "2010.01.??"]
[EventType "swiss"]
[EventRounds "7"]
[EventCountry "GER"]
[SourceDate "2005.10.24"]

1. d4 f5 2. c4 Nf6 3. Nc3 d6 4. Nf3 g6 5. e3 Bg7 6. Bd3 O-O 7. O-O Qe8 8. Qc2
Nc6 9. a3 e5 10. dxe5 dxe5 11. e4 f4 12. Nd5 Qf7 13. b4 Ne8 14. Bb2 Nd4 15.
Bxd4 exd4 16. b5 c6 17. Nb4 c5 18. Nd5 h6 19. Nh4 Bf6 20. Nxg6 Qxg6 21. e5 Qg7
22. exf6 Qg5 23. Rfe1 Nxf6 24. Ne7+ Kg7 25. Nxc8 Raxc8 26. Re7+ Rf7 27. Rae1
Rc7 28. Rxc7 Rxc7 29. Qe2 Rf7 30. f3 Ng8 31. Qe4 b6 32. a4 Re7 33. Qh7+ Kf8 34.
Rxe7 Qxe7 35. Qf5+ Qf7 36. Qe5 1/2-1/2

[Event "Niedersachsen-ch B"]
[Site "Verden"]
[Date "2010.01.03"]
[Round "2.10"]
[White "Lossin, Sven Hendrik"]
[Black "Langer, Michael S"]
[Result "1-0"]
[WhiteElo "2067"]
[BlackElo "1986"]
[PlyCount "65"]
[EventDate "2010.01.??"]
[EventType "swiss"]
[EventRounds "7"]
[EventCountry "GER"]
[SourceDate "2005.10.24"]

1. d4 d5 2. Nf3 c6 3. c4 Nf6 4. Qc2 e6 5. g3 Nbd7 6. Bg2 Be7 7. O-O O-O 8. Nbd2
Re8 9. Rd1 h6 10. e4 dxe4 11. Nxe4 Nxe4 12. Qxe4 Nf6 13. Qe2 Qa5 14. Ne5 Qa6
15. b3 Bd7 16. Be3 Rad8 17. h4 Bc8 18. Qf3 Rf8 19. g4 Nd7 20. Nxd7 Bxd7 21. g5
hxg5 22. hxg5 b5 23. c5 Qc8 24. Qg3 g6 25. Be4 Kg7 26. Bf4 Be8 27. Kg2 f6 28.
Rh1 fxg5 29. Be5+ Bf6 30. Qxg5 Bxe5 31. Qxe5+ Rf6 32. Rh7+ Kxh7 33. Qxf6 1-0

[Event "Niedersachsen-ch B"]
[Site "Verden"]
[Date "2010.01.03"]
[Round "2.11"]
[White "Modder, Frank"]
[Black "Niehaus, Stephan"]
[Result "0-1"]
[WhiteElo "1924"]
[BlackElo "2108"]
[PlyCount "72"]
[EventDate "2010.01.??"]
[EventType "swiss"]
[EventRounds "7"]
[EventCountry "GER"]
[SourceDate "2005.10.24"]

1. d4 d5 2. Nf3 Nf6 3. e3 Bf5 4. c4 e6 5. Nc3 c6 6. Bd3 Bxd3 7. Qxd3 Nbd7 8.
cxd5 exd5 9. O-O Bb4 10. Bd2 O-O 11. Rab1 Re8 12. a3 Bd6 13. b4 b5 14. Bc1 a5
15. Qc2 axb4 16. axb4 Qe7 17. Qb3 Nb6 18. Ne1 Nc4 19. h3 Ra6 20. Nd3 Bc7 21.
Nc5 Ra7 22. Qc2 Qd6 23. g3 h5 24. e4 dxe4 25. Bf4 Qe7 26. Bxc7 Qxc7 27. Rbe1 e3
28. f4 Nd2 29. Rxe3 Rxe3 30. Qxd2 Rxg3+ 31. Kh2 h4 32. Ne2 Rg6 33. Kh1 Ra3 34.
Nd3 Qd7 35. Kh2 Qd5 36. Rf2 Ne4 0-1

[Event "Niedersachsen-ch B"]
[Site "Verden"]
[Date "2010.01.03"]
[Round "2.12"]
[White "Brunotte, Peter"]
[Black "Duessler, Stefanie"]
[Result "1/2-1/2"]
[WhiteElo "1991"]
[BlackElo "1784"]
[PlyCount "77"]
[EventDate "2010.01.??"]
[EventType "swiss"]
[EventRounds "7"]
[EventCountry "GER"]
[SourceDate "2005.10.24"]

1. e4 e6 2. d3 c5 3. Nd2 Nc6 4. g3 g6 5. Bg2 Bg7 6. Ngf3 Nge7 7. O-O O-O 8. Re1
d6 9. Nf1 Rb8 10. c3 e5 11. Ne3 h6 12. Nh4 Kh7 13. g4 b5 14. Nf3 a5 15. h3 Be6
16. a4 b4 17. c4 Nd4 18. Nxd4 cxd4 19. Nd5 g5 20. Nxe7 Qxe7 {(=)} 21. b3 Qd7
22. Qf3 Rb7 23. Qg3 Bf6 24. f3 Bd8 25. Bf1 Rh8 26. Re2 Qe8 27. Rh2 Kg8 28. Raa2
f6 29. Rag2 Rbh7 {(=)} 30. Be2 Qg6 31. Qf2 Kf8 32. Bd1 Qf7 33. Bd2 Qb7 34. Be1
Qf7 35. Qc2 Bb6 36. Bg3 Qc7 {(=)} 37. Qd2 Qc5 38. h4 Bd8 39. h5 1/2-1/2

[Event "Niedersachsen-ch B"]
[Site "Verden"]
[Date "2010.01.03"]
[Round "2.13"]
[White "Gruender, Michael"]
[Black "Langenfeld, Olaf"]
[Result "0-1"]
[WhiteElo "1980"]
[BlackElo "1992"]
[PlyCount "52"]
[EventDate "2010.01.??"]
[EventType "swiss"]
[EventRounds "7"]
[EventCountry "GER"]
[SourceDate "2005.10.24"]

1. Nf3 Nf6 2. c4 g6 3. b4 Bg7 4. Bb2 O-O 5. e3 d6 6. d4 Nbd7 7. Be2 c6 8. O-O
Qc7 9. Nc3 e5 10. Rc1 h6 11. c5 d5 12. Rc2 e4 13. Nd2 Nh7 14. f3 f5 15. fxe4
fxe4 16. Ndxe4 dxe4 17. Bc4+ Kh8 18. Nxe4 Ndf6 19. Nd6 Ng5 20. Rcf2 Qe7 21. Qd3
Be6 22. Qxg6 Bxc4 23. Nxc4 Ng4 24. Rf4 Rxf4 25. Rxf4 Nxe3 26. Nd6 Rf8 0-1

[Event "Niedersachsen-ch B"]
[Site "Verden"]
[Date "2010.01.03"]
[Round "2.14"]
[White "Meyer, Juergen"]
[Black "Neumair, Cedric"]
[Result "0-1"]
[WhiteElo "2093"]
[BlackElo "1842"]
[PlyCount "50"]
[EventDate "2010.01.??"]
[EventType "swiss"]
[EventRounds "7"]
[EventCountry "GER"]
[SourceDate "2005.10.24"]

1. e4 c5 2. Nf3 d6 3. d4 cxd4 4. Nxd4 Nf6 5. Nc3 a6 6. Be2 e5 7. Nb3 Be7 8. O-O
O-O 9. Kh1 Be6 10. f4 exf4 11. Bxf4 Nc6 12. a4 Rc8 13. Nd4 Nxd4 14. Qxd4 Qc7
15. e5 dxe5 16. Bxe5 Rfd8 17. Qe3 Qc5 18. Qg3 Bd6 19. Bxd6 Qxd6 20. Qh4 Qb6 21.
Rxf6 Qxb2 22. Raf1 Qxc3 23. R6f2 Rd4 24. Qe7 Qc7 25. Qa3 Rh4 0-1

[Event "Niedersachsen-ch B"]
[Site "Verden"]
[Date "2010.01.03"]
[Round "2.15"]
[White "Kuenitz, Bernhard"]
[Black "Hagemann, Sven"]
[Result "0-1"]
[WhiteElo "1920"]
[BlackElo "2019"]
[PlyCount "70"]
[EventDate "2010.01.??"]
[EventType "swiss"]
[EventRounds "7"]
[EventCountry "GER"]
[SourceDate "2005.10.24"]

1. c4 Nf6 2. Nc3 c5 3. g3 d5 4. cxd5 Nxd5 5. Bg2 Nxc3 6. bxc3 e6 7. Nf3 Nc6 8.
O-O Be7 9. e4 Qa5 10. Qc2 c4 11. Re1 e5 12. h3 O-O 13. Nh2 Bc5 14. Re2 Rd8 15.
Nf1 Be6 16. Ne3 b5 17. Bb2 Rac8 18. a3 a6 19. Nd5 f5 20. Nb4 f4 21. gxf4 exf4
22. e5 Ne7 23. Qe4 Rf8 24. Kh2 Qb6 25. Qf3 a5 26. Nc2 Bd5 27. Qxd5+ Nxd5 28.
Bxd5+ Kh8 29. f3 Rcd8 30. Be4 Rfe8 31. Ne1 Rxe5 32. Ng2 Rf8 33. Rae1 Bf2 34.
Rf1 Bg3+ 35. Kh1 Qe6 0-1

[Event "Niedersachsen-ch B"]
[Site "Verden"]
[Date "2010.01.03"]
[Round "2.16"]
[White "Sawadkuhi, Massoud Amir"]
[Black "Koch, Carsten"]
[Result "1-0"]
[WhiteElo "2227"]
[BlackElo "1837"]
[PlyCount "91"]
[EventDate "2010.01.??"]
[EventType "swiss"]
[EventRounds "7"]
[EventCountry "GER"]
[SourceDate "2005.10.24"]

1. e4 c5 2. Nf3 d6 3. d4 cxd4 4. Nxd4 Nf6 5. Nc3 a6 6. Bc4 e6 7. Bb3 Be7 8. O-O
Nc6 9. Be3 O-O 10. h3 Nxd4 11. Qxd4 Bd7 12. f4 Qc8 13. e5 Ne8 14. Na4 Bxa4 15.
Bxa4 b5 16. Bb3 Qc6 17. Rad1 Rc8 18. Kh1 d5 19. f5 Bc5 20. Qf4 Bxe3 21. Qxe3
Qc5 22. Qg3 Nc7 23. f6 g6 24. Qg5 Rfd8 25. Rf4 Qf8 26. Rh4 d4 27. Rhxd4 a5 28.
a3 Rxd4 29. Rxd4 Rd8 30. Qd2 Rxd4 31. Qxd4 a4 32. Ba2 Qc8 33. c4 bxc4 34. Bxc4
h5 35. Kg1 Qa8 36. Kf2 Qb8 37. Be2 Nd5 38. Bf3 Nc7 39. Bc6 Qb3 40. Qd8+ Kh7 41.
Qxc7 Qxb2+ 42. Kg1 Qc1+ 43. Kh2 Qf4+ 44. g3 Qc4 45. Qxf7+ Kh6 46. h4 1-0

[Event "Niedersachsen-ch B"]
[Site "Verden"]
[Date "2010.01.03"]
[Round "2.17"]
[White "Thumulka, Patrick"]
[Black "Schuette, Marc"]
[Result "0-1"]
[WhiteElo "1892"]
[BlackElo "2242"]
[PlyCount "116"]
[EventDate "2010.01.??"]
[EventType "swiss"]
[EventRounds "7"]
[EventCountry "GER"]
[SourceDate "2005.10.24"]

1. e4 e6 2. d4 d5 3. Nc3 Nc6 4. e5 f6 5. f4 fxe5 6. dxe5 Bc5 7. Nf3 Nh6 8. Na4
Bb4+ 9. Bd2 Bd7 10. Bxb4 Nxb4 11. Nc5 Qe7 12. Nxd7 Qxd7 13. c3 Na6 14. Bd3 Nc5
15. O-O Nf5 16. Bxf5 exf5 17. Re1 O-O-O 18. Qc2 Ne4 19. Rad1 g6 20. Nd2 Qe6 21.
Nxe4 dxe4 22. Qb3 Qxb3 23. axb3 Rd7 24. Kf2 h5 25. h4 a5 26. Rxd7 Kxd7 27. Ke3
Ke7 28. Rd1 Ra8 29. Rd4 Ra6 30. Kd2 Ra8 31. Ke3 Rc8 32. Ke2 Ke6 33. Ke3 Ra8 34.
Kd2 Ke7 35. Ke3 Ra6 36. Kd2 b5 37. Rd5 a4 38. bxa4 bxa4 39. Kc2 a3 40. bxa3
Rxa3 41. Kb2 e3 42. Rd1 Ra4 43. g3 e2 44. Re1 Re4 45. Kc2 Re3 46. Kd2 Rxg3 47.
Kxe2 Rg4 48. Rf1 Rxh4 49. Rf3 Ke6 50. c4 Rg4 51. Ke3 g5 52. Rf1 Rxf4 53. Rxf4
gxf4+ 54. Kxf4 c5 55. Kg5 Kxe5 56. Kxh5 Ke4 57. Kh4 f4 58. Kh3 f3 0-1

[Event "Niedersachsen-ch B"]
[Site "Verden"]
[Date "2010.01.03"]
[Round "2.18"]
[White "Wolf, Fritjof"]
[Black "Andre, Wolfgang"]
[Result "0-1"]
[WhiteElo "1909"]
[BlackElo "2208"]
[PlyCount "52"]
[EventDate "2010.01.??"]
[EventType "swiss"]
[EventRounds "7"]
[EventCountry "GER"]
[SourceDate "2005.10.24"]

1. d4 Nf6 2. c4 g6 3. Nc3 d5 4. cxd5 Nxd5 5. e4 Nxc3 6. bxc3 Bg7 7. Bc4 c5 8.
Be3 Nc6 9. Ne2 O-O 10. O-O Na5 11. Qd3 Nxc4 12. Qxc4 cxd4 13. cxd4 Bd7 14. Rac1
e6 15. Nf4 a6 16. Qb4 b5 17. d5 exd5 18. Nxd5 a5 19. Qd6 Be6 20. Qxd8 Rfxd8 21.
Bb6 Bxd5 22. Bxd8 Bxa2 23. Bc7 b4 24. e5 b3 25. Bd6 b2 26. Rcd1 a4 0-1

[Event "Niedersachsen-ch B"]
[Site "Verden"]
[Date "2010.01.03"]
[Round "2.19"]
[White "Pautz, Peter"]
[Black "Heyne, Lukas"]
[Result "1-0"]
[WhiteElo "2026"]
[BlackElo "1810"]
[PlyCount "29"]
[EventDate "2010.01.??"]
[EventType "swiss"]
[EventRounds "7"]
[EventCountry "GER"]
[SourceDate "2005.10.24"]

1. d4 Nf6 2. Bg5 Ne4 3. Bf4 d5 4. e3 Bf5 5. Bd3 Bg6 6. Nf3 Nd7 7. Nh4 Ndf6 8.
Nxg6 hxg6 9. c4 e6 10. Nc3 Nxc3 11. bxc3 Bd6 12. Bxd6 Qxd6 13. c5 Rxh2 14. cxd6
Rxh1+ 15. Bf1 1-0

[Event "Niedersachsen-ch B"]
[Site "Verden"]
[Date "2010.01.03"]
[Round "2.20"]
[White "Raum, Sebastian"]
[Black "Franke, Klaus"]
[Result "1-0"]
[WhiteElo "1910"]
[BlackElo "1946"]
[PlyCount "77"]
[EventDate "2010.01.??"]
[EventType "swiss"]
[EventRounds "7"]
[EventCountry "GER"]
[SourceDate "2005.10.24"]

1. e4 c6 2. d4 d5 3. Nc3 dxe4 4. Nxe4 Nd7 5. Ng5 Ngf6 6. Bd3 Nb6 7. N1f3 Bg4 8.
O-O e6 9. h3 Bxf3 10. Nxf3 Be7 11. c4 Qc7 12. Ne5 Nbd7 13. Bf4 Nxe5 14. Bxe5
Bd6 15. Qe2 Bxe5 16. dxe5 Nd7 17. f4 Nc5 18. Bc2 Qb6 19. Qf2 Nd7 20. Rfd1 Ke7
21. Qxb6 Nxb6 22. b3 Rad8 23. Kf2 h6 24. Ke3 Rxd1 25. Rxd1 Rd8 26. Rxd8 Kxd8
27. Kd4 Ke7 28. g4 Nd7 29. b4 f6 30. a4 g5 31. exf6+ Kxf6 32. f5 b6 33. fxe6
Kxe6 34. Bf5+ Kd6 35. Bxd7 Kxd7 36. Ke5 Ke7 37. a5 b5 38. cxb5 cxb5 39. a6 1-0

[Event "Niedersachsen-ch B"]
[Site "Verden"]
[Date "2010.01.03"]
[Round "2.22"]
[White "Finke, Harald"]
[Black "Sturm, Timo"]
[Result "0-1"]
[WhiteElo "2011"]
[BlackElo "1865"]
[PlyCount "80"]
[EventDate "2010.01.??"]
[EventType "swiss"]
[EventRounds "7"]
[EventCountry "GER"]
[SourceDate "2005.10.24"]

1. d4 Nf6 2. Nf3 d6 3. Nbd2 Nc6 4. e4 Bg4 5. c3 e6 6. Bd3 Be7 7. O-O O-O 8. Re1
Re8 9. Nf1 h6 10. Ng3 d5 11. e5 Nd7 12. h3 Bxf3 13. Qxf3 Bg5 14. Bc2 Na5 15.
Qd3 g6 16. f4 Bh4 17. Rf1 f5 18. exf6 Qxf6 19. Bd2 Nc4 20. Be1 Bxg3 21. Qxg3
Kh7 22. b3 Nd6 23. Qf3 Rf8 24. g4 Rae8 25. Kg2 Rf7 26. h4 Kg7 27. Bd2 Qxh4 28.
Rh1 Qd8 29. f5 g5 30. Qh3 Qf6 31. Raf1 exf5 32. Bd3 f4 33. Re1 Ne4 34. Bc1 Rfe7
35. Bc2 Ng3 36. Rxe7+ Rxe7 37. Bd3 Nxh1 38. Qxh1 Qe6 39. Qh3 Nf6 40. Kf3 h5 0-1

[Event "Niedersachsen-ch B"]
[Site "Verden"]
[Date "2010.01.03"]
[Round "2.23"]
[White "Guede, Klaus"]
[Black "Koop, Thorben"]
[Result "1/2-1/2"]
[WhiteElo "1764"]
[BlackElo "1740"]
[PlyCount "83"]
[EventDate "2010.01.??"]
[EventType "swiss"]
[EventRounds "7"]
[EventCountry "GER"]
[SourceDate "2005.10.24"]

1. d4 Nf6 2. c4 g6 3. Nc3 d5 4. cxd5 Nxd5 5. e4 Nxc3 6. bxc3 Bg7 7. Bc4 O-O 8.
Ne2 c5 9. Be3 Nc6 10. Rc1 Qc7 11. O-O Rd8 12. f4 Bg4 13. Qd2 Bxe2 14. Bxe2 Qd7
15. d5 Na5 16. Bxc5 Rdc8 17. Bd4 b5 18. Bxg7 Kxg7 19. Qd1 Qb7 20. f5 Nc4 21.
Qd4+ f6 22. fxg6 hxg6 23. Bg4 Rh8 24. Be6 Qc7 25. g3 Rh6 26. Rf2 Rah8 27. d6
Qxd6 28. Bxc4 bxc4 29. Qxd6 exd6 30. Rd1 Rd8 31. Rfd2 Rh5 32. Rxd6 Rxd6 33.
Rxd6 Ra5 34. Rd2 Kf7 35. Kf2 Ke6 36. h4 Ra3 37. Rc2 Ke5 38. Ke3 Ra6 39. Rd2 Ra3
40. Rd5+ Ke6 41. Kd4 Rxa2 42. Kxc4 1/2-1/2

[Event "Niedersachsen-ch B"]
[Site "Verden"]
[Date "2010.01.03"]
[Round "2.24"]
[White "Poelig, Juergen"]
[Black "Wierum, Colin"]
[Result "1-0"]
[WhiteElo "1807"]
[BlackElo "1934"]
[PlyCount "67"]
[EventDate "2010.01.??"]
[EventType "swiss"]
[EventRounds "7"]
[EventCountry "GER"]
[SourceDate "2005.10.24"]

1. e4 c5 2. c3 Nf6 3. e5 Nd5 4. d4 cxd4 5. Nf3 Nc6 6. cxd4 d6 7. Bc4 Nb6 8. Bb5
a6 9. Bxc6+ bxc6 10. O-O g6 11. Nc3 Bg7 12. h3 O-O 13. Bf4 Be6 14. Ne4 Bd5 15.
Re1 Bxe4 16. Rxe4 Nd5 17. Bd2 Rb8 18. Qc1 Qb6 19. b3 f5 20. Rh4 dxe5 21. dxe5
f4 22. Bxf4 Rxf4 23. Rxf4 Bh6 24. Rb4 Qxb4 25. Qxh6 e6 26. Ng5 Qe7 27. Rc1 Rc8
28. Rc4 c5 29. h4 Rc6 30. h5 gxh5 31. Qxh5 Rc7 32. Rg4 Kf8 33. Qh6+ Ke8 34.
Nxe6 1-0

[Event "Niedersachsen-ch B"]
[Site "Verden"]
[Date "2010.01.03"]
[Round "2.25"]
[White "Kuegel, Tobias"]
[Black "Moeller, Christian"]
[Result "1/2-1/2"]
[WhiteElo "1921"]
[BlackElo "1813"]
[PlyCount "34"]
[EventDate "2010.01.??"]
[EventType "swiss"]
[EventRounds "7"]
[EventCountry "GER"]
[SourceDate "2005.10.24"]

1. e4 e5 2. Bc4 d6 3. Nf3 Be7 4. d4 exd4 5. Nxd4 Nf6 6. Nc3 O-O 7. O-O Re8 8.
Bg5 Nxe4 9. Nxe4 Bxg5 10. Bxf7+ Kxf7 11. Qh5+ Kg8 12. Nxg5 h6 13. Nf7 Qe7 14.
Rae1 Qxe1 15. Nxh6+ gxh6 16. Qg6+ Kh8 17. Qxh6+ Kg8 1/2-1/2

[Event "Niedersachsen-ch B"]
[Site "Verden"]
[Date "2010.01.03"]
[Round "2.26"]
[White "Hanemann, Henno"]
[Black "Hoellmann, Ludger"]
[Result "0-1"]
[WhiteElo "1838"]
[BlackElo "2237"]
[PlyCount "80"]
[EventDate "2010.01.??"]
[EventType "swiss"]
[EventRounds "7"]
[EventCountry "GER"]
[SourceDate "2005.10.24"]

1. e4 d5 2. e5 c5 3. c4 Nc6 4. Nf3 Bg4 5. cxd5 Qxd5 6. Nc3 Qd7 7. Bb5 a6 8.
Bxc6 Qxc6 9. d3 O-O-O 10. Be3 Bxf3 11. gxf3 e6 12. Ne4 Qb5 13. O-O Nh6 14. Bxh6
gxh6 15. Qc2 Rxd3 16. Rac1 Rxf3 17. Nxc5 Rg8+ 18. Kh1 Bxc5 19. Qe4 Rf5 20. b4
Kb8 21. bxc5 Kc7 22. Rb1 Qc6 23. Qxc6+ Kxc6 24. Rb6+ Kxc5 25. Rxb7 Rg4 26. Rc1+
Kd5 27. Ra7 Rxf2 28. Rxa6 Kxe5 29. Ra5+ Kf6 30. a4 Rh4 31. Kg1 Rhxh2 32. Rf1
Rxf1+ 33. Kxh2 Ra1 34. Ra8 e5 35. Kg3 Kf5 36. a5 Ra3+ 37. Kf2 Kf4 38. Ra7 Ra2+
39. Kf1 f5 40. a6 e4 0-1

[Event "Niedersachsen-ch B"]
[Site "Verden"]
[Date "2010.01.03"]
[Round "2.27"]
[White "Guennigmann, Manuel"]
[Black "Albrecht, Carsten"]
[Result "1-0"]
[WhiteElo "2164"]
[BlackElo "1948"]
[PlyCount "55"]
[EventDate "2010.01.??"]
[EventType "swiss"]
[EventRounds "7"]
[EventCountry "GER"]
[SourceDate "2005.10.24"]

1. e4 d5 2. exd5 Nf6 3. d4 Qxd5 4. Nc3 Qd6 5. Nf3 a6 6. g3 b5 7. Bg2 Bb7 8. O-O
e6 9. Bf4 Qb6 10. a4 b4 11. a5 Qa7 12. Na4 Nd5 13. Bd2 Nd7 14. c4 bxc3 15. bxc3
Be7 16. c4 N5f6 17. Be3 Qb8 18. Rb1 Qc8 19. Nc3 Ne4 20. Rxb7 Qxb7 21. Nxe4 Rb8
22. Ne5 Qb3 23. Qg4 g6 24. Nxd7 Kxd7 25. Nc5+ Bxc5 26. dxc5 Ke7 27. Bg5+ f6 28.
Bh3 1-0

[Event "Niedersachsen-ch B"]
[Site "Verden"]
[Date "2010.01.03"]
[Round "2.28"]
[White "Vetter, Torsten"]
[Black "Roehl, Bernd"]
[Result "1-0"]
[WhiteElo "2039"]
[BlackElo "1718"]
[PlyCount "70"]
[EventDate "2010.01.??"]
[EventType "swiss"]
[EventRounds "7"]
[EventCountry "GER"]
[SourceDate "2005.10.24"]

1. d4 Nf6 2. Nf3 d5 3. Bf4 e6 4. c3 Bd6 5. e3 Bxf4 6. exf4 O-O 7. Bd3 c5 8. O-O
cxd4 9. cxd4 b6 10. Qe2 Bb7 11. Nc3 Re8 12. Ne5 a5 13. Rac1 g6 14. Rc2 Nc6 15.
Nxc6 Bxc6 16. Rfc1 Bd7 17. Nb5 Bxb5 18. Bxb5 Rf8 19. f3 Nh5 20. g3 Qf6 21. Qe5
Qxe5 22. fxe5 Ng7 23. Bd3 Rfd8 24. Kf2 Ne8 25. Bb5 Ng7 26. Bd3 Ne8 27. Ke3 Rab8
28. Rc6 Kf8 29. R1c3 b5 30. R3c5 Ng7 31. g4 b4 32. Rxa5 h5 33. h3 hxg4 34. hxg4
Ne8 35. Rcc5 Kg7 1-0

[Event "Niedersachsen-ch B"]
[Site "Verden"]
[Date "2010.01.03"]
[Round "2.29"]
[White "Reinkemeier, Fabian"]
[Black "Stotyn, Fabian"]
[Result "0-1"]
[WhiteElo "1656"]
[BlackElo "2052"]
[PlyCount "58"]
[EventDate "2010.01.??"]
[EventType "swiss"]
[EventRounds "7"]
[EventCountry "GER"]
[SourceDate "2005.10.24"]

1. e4 e6 2. d4 d5 3. exd5 exd5 4. Bd3 Bd6 5. Nf3 Ne7 6. c3 Bg4 7. Nbd2 Nd7 8.
Qc2 c6 9. h3 Bh5 10. b3 Qc7 11. c4 Bg6 12. c5 Bf4 13. b4 O-O 14. g4 {(=)} Rfe8
15. O-O Bxd3 16. Qxd3 Ng6 17. Ne1 Bg5 18. Ng2 Nf6 19. Nf3 Bxc1 20. Raxc1 h5 21.
Nh2 Re7 22. f4 hxg4 23. hxg4 Rae8 24. g5 Nh5 25. f5 Ngf4 26. Qf3 Ne2+ 27. Kf2
Qxh2 28. Rce1 Qg3+ 29. Qxg3 Nhxg3 0-1

[Event "Niedersachsen-ch B"]
[Site "Verden"]
[Date "2010.01.03"]
[Round "2.30"]
[White "Suendorf, Dominik"]
[Black "Jung, Gerald"]
[Result "0-1"]
[WhiteElo "1752"]
[BlackElo "2048"]
[PlyCount "78"]
[EventDate "2010.01.??"]
[EventType "swiss"]
[EventRounds "7"]
[EventCountry "GER"]
[SourceDate "2005.10.24"]

1. e4 c5 2. Nf3 d6 3. d4 cxd4 4. Nxd4 Nf6 5. Nc3 a6 6. f3 h5 7. Be3 e5 8. Nb3
Be6 9. Qd2 Nbd7 10. O-O-O Rc8 11. Be2 Qc7 12. f4 b5 13. Bf3 b4 14. Ne2 a5 15.
Kb1 a4 16. Nbc1 Qb7 17. Ng3 g6 18. Rhe1 h4 19. Nh1 Nxe4 20. Qd3 f5 21. Nf2 d5
22. g4 Bg7 23. gxf5 gxf5 24. Bxe4 fxe4 25. Nxe4 dxe4 26. Qe2 Qc6 27. Rg1 Rh7
28. Rg6 Nf8 29. Rg2 a3 30. Rdg1 Bf6 31. fxe5 Bxe5 32. Rg5 Bxb2 33. Rc5 Qb7 34.
Rb5 Qe7 35. Bg5 Bf6 36. Bd2 Bc4 37. Bxb4 Qe6 38. Rg8 Qxg8 39. Qxe4+ Qe6 0-1